00539nam a2200181Ii 45000010005000000030009000050080041000140400033000550410008000880820023000961100037001192450047001562640061002033000012002643360026002763370028003023380027003302559CO-ViMGA241108s9999||||xx |||||||||||||| ||und|| aCO-ViMGAbspaerdacCO-ViMGA0 aspa04aFA 342.8603 - C65c1 aColombia: Ministerio de Gobierno10aConstitución Política de Colombia 1886 1aBogotá, Colombia : Imprenta Nacional de Colombia, 1990 avolumen atextbtxt2rdacontent aunmediatedbn2rdamedia avolumebnc2rdacarrier